Normal view MARC view
  • Kazin, Alfred,

Entry Personal Name

Number of records used in: 1

001 - CONTROL NUMBER

  • control field: 153600

003 - CONTROL NUMBER IDENTIFIER

  • control field: TR-AnTOB

005 - DATE AND TIME OF LATEST TRANSACTION

  • control field: 20260413143157.0

008 - FIXED-LENGTH DATA ELEMENTS

  • fixed length control field: 790423n| azannaabn |n aaa

010 ## - LIBRARY OF CONGRESS CONTROL NUMBER

  • LC control number: n 79038435

035 ## - SYSTEM CONTROL NUMBER

  • System control number: (OCoLC)oca00271959

040 ## - CATALOGING SOURCE

  • Original cataloging agency: DLC
  • Language of cataloging: eng
  • Description conventions: rda
  • Transcribing agency: DLC
  • Modifying agency: DLC
  • Modifying agency: NhD
  • Modifying agency: OkU
  • Modifying agency: ScU
  • Modifying agency: MiEM
  • Modifying agency: UPB
  • Modifying agency: OCoLC

046 ## - SPECIAL CODED DATES

  • Birth date: 1915-06-05
  • Death date: 1998-06-05
  • Source of date scheme: edtf

053 #0 - LC CLASSIFICATION NUMBER

  • Classification number element--single number or beginning number of span: PS3521.A995

100 1# - HEADING--PERSONAL NAME

  • Personal name: Kazin, Alfred,
  • Dates associated with a name: 1915-1998

370 ## - ASSOCIATED PLACE

  • Place of birth: Brownsville (New York, N.Y.)
  • Place of death: Manhattan (New York, N.Y.)
  • Source of term: naf

372 ## - FIELD OF ACTIVITY

  • Field of activity: Immigrants--United States
  • Source of term: lcsh

373 ## - ASSOCIATED GROUP

  • Associated group: City University of New York. City College
  • Source of term: naf

374 ## - OCCUPATION

  • Occupation: Authors
  • Occupation: Critics
  • Source of term: lcsh

377 ## - ASSOCIATED LANGUAGE

  • Language code: eng

670 ## - SOURCE DATA FOUND

  • Source citation: On native grounds, 1942.

670 ## - SOURCE DATA FOUND

  • Source citation: Internet URL: gopher://infoplease.com/ipa
  • Information found: (Alfred Kazin; age 83, died June 5, 1998)

670 ## - SOURCE DATA FOUND

  • Source citation: Contemporary authors, volumes 1-4, first revision, 1967:
  • Information found: (Alfred Kazin, b. June 5, 1915)

670 ## - SOURCE DATA FOUND

  • Source citation: Social Security death index, Mar. 5, 2018:
  • Information found: (d. June 5, 1998)

670 ## - SOURCE DATA FOUND

  • Source citation: Wikipedia, May 30, 2018:
  • Information found: (Alred Kazin was an American writer and literary critic, many of whose writings depicted the immigrant experience in early twentieth century America; born in the Brownsville section of Brooklyn and a graduate of the City College of New York; died in Manhattan)
Devinim Yazılım Eğitim Danışmanlık tarafından Koha'nın orjinal sürümü uyarlanarak geliştirilip kurulmuştur.